006180000a22001930004500090001300000245006800013044001300081041001400094690002200108690002000130651003000150700003400180700002600214700002500240100002400265942001300289773010500302999001700407 aSeriadas10aInformación cariológica del género Callicebus en Colombia aColombia0 aEspañol aCariotipos994482 aPrimates992938 4pColombiadBoyacá9927491 aRamírez Orjuela, C.91006061 aLeibovici, M.91006071 aTorres, O.M.91006081 aBueno, M.L.9100609 cARTICULO1 tRevista de la Academia Colombiana de ciencias exactas, físicas y naturalesh114q109-115d2006g30 c16330d16330